000 00504nam a2200169Ia 4500
999 _c6319
_d6319
003 OSt
005 20200123110651.0
008 190216s9999||||xx |||||||||||||| ||und||
040 _coclc
082 _a658.3
_bMAM/T
100 _aMamoria, C B
_91239
245 0 _aA Text Book Of Human Resource Management /
_cC B Mamoria ; S V Gankar
250 _a2nd ed.
260 _bHimalaya Publishing House,
_c2003.
_aMumbai:
300 _a396p
942 _cBK
_2ddc
_h658.3
_iMAM/T
_k658.3
_mMAM/T